The red and the black (Notes)
Salvato in:
| Autore principale: | |
|---|---|
| Natura: | Libro |
| Lingua: | English |
| Pubblicazione: |
Nebraska, Estados Unidos
Cliff's Notes
1967
|
| Soggetti: | |
| Tags: |
Aggiungi Tag
Nessun Tag, puoi essere il primo ad aggiungerne!!
|
MARC
| LEADER | 00000nam a2200000Ia 4500 | ||
|---|---|---|---|
| 008 | 170316s9999 xx 000 0 eng d | ||
| 040 | |a cru BVZT | ||
| 090 | |a C-840 G-5.2r | ||
| 100 | |a Gobert, D. L. | ||
| 245 | 4 | |a The red and the black (Notes) |c D. L. Gobert | |
| 260 | |a Nebraska, Estados Unidos | ||
| 260 | |b Cliff's Notes | ||
| 260 | |c 1967 | ||
| 300 | |a 89 páginas | ||
| 650 | |a LITERATURA FRANCESA |9 109 | ||
| 650 | |a CRÍTICA | ||
| 999 | |c 23397 |d 23397 | ||
| 942 | |c LIB |h C-840 G-5.2r |2 z | ||
